[Event "Voronezh op-B 15th"]
[Site "Voronezh"]
[Date "2011.06.16"]
[Round "5"]
[White "Molodchin, Vladimir"]
[Black "Bekmurzaev, Sat Emi"]
[Result "1/2-1/2"]
[WhiteElo "2075"]
[BlackElo "1915"]
[PlyCount "72"]
[EventDate "2011.06.12"]
[EventType "swiss"]
[EventRounds "9"]
[EventCountry "RUS"]
[SourceTitle "CBM 143 Extra"]
[Source "ChessBase"]
[SourceDate "2011.08.29"]
[SourceVersion "1"]
[SourceVersionDate "2011.08.29"]
[SourceQuality "1"]

1. d4 d5 2. Nf3 Nf6 3. c4 c6 4. Qc2 g6 5. Bf4 Bf5 6. Qb3 Qb6 7. Qxb6 axb6 8. Nbd2 Na6 9. a3 Bg7 10. Rc1 0-0 11. e3 c5 12. cxd5 cxd4 13. Bxa6 bxa6 14. Nxd4 Bd3 15. Be5 Rfc8 16. N2b3 Rxc1+ 17. Nxc1 Be4 18. 0-0 Bxd5 19. Nce2 Ne4 20. Bxg7 Kxg7 21. f3 Nc5 22. e4 Bc4 23. Rc1 b5 24. Rc2 Rd8 25. b4 e5 26. bxc5 exd4 27. Rd2 d3 28. Nc1 Kf6 29. Kf2 Ke6 30. Ke3 Rc8 31. Kd4 Rd8+ 32. Kc3 a5 33. Nxd3 Rc8 34. Kd4 Rd8+ 35. Kc3 Rc8 36. Kd4 Rd8+ 1/2-1/2

[Event "Voronezh op-B 15th"]
[Site "Voronezh"]
[Date "2011.06.13"]
[Round "2"]
[White "Grachev, Andrey"]
[Black "Molodchin, Vladimir"]
[Result "1-0"]
[WhiteElo "1848"]
[BlackElo "2075"]
[PlyCount "126"]
[EventDate "2011.06.12"]
[EventType "swiss"]
[EventRounds "9"]
[EventCountry "RUS"]
[SourceTitle "CBM 143 Extra"]
[Source "ChessBase"]
[SourceDate "2011.08.29"]
[SourceVersion "1"]
[SourceVersionDate "2011.08.29"]
[SourceQuality "1"]

1. e4 d6 2. d4 g6 3. Nc3 Bg7 4. Bc4 Nf6 5. Nge2 0-0 6. 0-0 a6 7. a4 Nc6 8. d5 Ne5 9. Bb3 c6 10. Be3 Nfg4 11. Qd2 Nxe3 12. Qxe3 Ng4 13. Qd3 a5 14. h3 Ne5 15. Qg3 Qb6 16. Kh1 Qb4 17. Rab1 Nd7 18. Qd3 Nc5 19. Qc4 Bd7 20. Ra1 Kh8 21. f3 f5 22. Kg1 Rac8 23. Rab1 cxd5 24. Qxb4 axb4 25. Nxd5 Bxa4 26. Nxe7 Rce8 27. Nd5 Bxb3 28. cxb3 fxe4 29. fxe4 Nxe4 30. Rxf8+ Bxf8 31. Nd4 Bg7 32. Nf3 Nc5 33. Nxb4 Nxb3 34. Nd5 h6 35. Nc7 Re2 36. Nb5 Be5 37. Nxe5 dxe5 38. Nd6 b6 39. Nc4 b5 40. Nd6 Nd4 41. Kf1 Rc2 42. Nf7+ Kg7 43. Nxe5 Nf5 44. Ng4 h5 45. Nf2 b4 46. b3 Ng3+ 47. Kg1 Kf6 48. Nd3 Rd2 49. Nxb4 Ne2+ 50. Kh1 Nf4 51. Rc1 Rb2 52. Rf1 Kg5 53. h4+ Kxh4 54. Rxf4+ Kg5 55. Rf3 Kg4 56. Rc3 g5 57. Nc2 Kf4 58. Rf3+ Ke4 59. Re3+ Kf4 60. Rf3+ Ke4 61. Rc3 h4 62. Na3 g4 63. Rc4+ Kf5 1-0

[Event "Voronezh op-B 15th"]
[Site "Voronezh"]
[Date "2011.06.12"]
[Round "1"]
[White "Molodchin, Vladimir"]
[Black "Kozlov, Sergej A"]
[Result "1-0"]
[WhiteElo "2075"]
[BlackElo "1747"]
[PlyCount "91"]
[EventDate "2011.06.12"]
[EventType "swiss"]
[EventRounds "9"]
[EventCountry "RUS"]
[SourceTitle "CBM 143 Extra"]
[Source "ChessBase"]
[SourceDate "2011.08.29"]
[SourceVersion "1"]
[SourceVersionDate "2011.08.29"]
[SourceQuality "1"]

1. Nf3 d5 2. g3 c5 3. Bg2 Nc6 4. d4 Bf5 5. 0-0 e6 6. e3 Nf6 7. a3 Rc8 8. Nc3 Be7 9. h3 0-0 10. Nh4 Bg6 11. dxc5 Bxc5 12. Nxg6 hxg6 13. Ne2 Qc7 14. Bd2 Rfd8 15. Bc3 Ne4 16. Bd4 Nxd4 17. exd4 Bd6 18. c3 b5 19. Nc1 Qc4 20. Re1 Nf6 21. Nd3 Nd7 22. Bf1 Qc7 23. a4 a6 24. axb5 axb5 25. h4 Ra8 26. Qe2 Nb6 27. h5 g5 28. Kg2 Nc4 29. b4 Ra7 30. Qg4 Be7 31. Nc5 Rda8 32. Rxa7 Rxa7 33. Bd3 e5 34. Bxc4 dxc4 35. Rxe5 Ra3 36. Qe4 Bf8 37. Re8 Qd6 38. Qe5 Qxe5 39. dxe5 Ra7 40. Rb8 Re7 41. g4 g6 42. h6 f5 43. e6 f4 44. Kf3 Kh7 45. Rxf8 Kxh6 46. Rd8 1-0

[Event "Moscow op-E"]
[Site "Moscow"]
[Date "2011.02.02"]
[Round "5.84"]
[White "Molodchin, Vladimir"]
[Black "Savitskiy, Sergey"]
[Result "0-1"]
[WhiteElo "2120"]
[BlackElo "2359"]
[PlyCount "92"]
[EventDate "2011.01.29"]
[EventType "swiss"]
[EventRounds "9"]
[EventCountry "RUS"]
[SourceTitle "EXT 2022"]
[Source "ChessBase"]
[SourceDate "2021.10.06"]
[SourceVersion "1"]
[SourceVersionDate "2021.10.06"]
[SourceQuality "1"]

1. d4 Nf6 2. c4 g6 3. Nc3 Bg7 4. g3 0-0 5. Bg2 d6 6. Nf3 Nc6 7. 0-0 a6 8. b3 Rb8 9. Bb2 b5 10. cxb5 axb5 11. Rc1 Bd7 12. Nb1 b4 13. Ne5 Nxe5 14. dxe5 Ne8 15. Qd2 dxe5 16. Rc4 Bb5 17. Qxd8 Rxd8 18. Rxb4 Bxe2 19. Re1 Bd3 20. Nd2 c5 21. Rb6 Rd6 22. Rb8 Nc7 23. Rxf8+ Kxf8 24. Bxe5 Bxe5 25. Rxe5 Ba6 26. Nf1 Ne6 27. f4 Rd1 28. Rd5 Ra1 29. Rd2 g5 30. fxg5 Nxg5 31. Rf2 Bd3 32. h4 Ne4 33. Bxe4 Bxe4 34. Rd2 e6 35. Kf2 Ke7 36. Ne3 Bb1 37. a4 Be4 38. Nc4 Bd5 39. Ne5 Bxb3 40. Rd7+ Kf6 41. Nxf7 Rxa4 42. Rc7 Bd5 43. Ng5 h6 44. Nh7+ Kf5 45. Rxc5 Ra7 46. g4+ Ke5 0-1

[Event "Moscow op-E"]
[Site "Moscow"]
[Date "2011.01.31"]
[Round "3.67"]
[White "Molodchin, Vladimir"]
[Black "Pushkov, Nikolai"]
[Result "0-1"]
[WhiteElo "2120"]
[BlackElo "2445"]
[PlyCount "66"]
[EventDate "2011.01.29"]
[EventType "swiss"]
[EventRounds "9"]
[EventCountry "RUS"]
[SourceTitle "EXT 2022"]
[Source "ChessBase"]
[SourceDate "2021.10.06"]
[SourceVersion "1"]
[SourceVersionDate "2021.10.06"]
[SourceQuality "1"]

1. c4 e6 2. d4 d5 3. Nc3 Nf6 4. Nf3 Be7 5. Bg5 h6 6. Bxf6 Bxf6 7. cxd5 exd5 8. e3 0-0 9. Bd3 c5 10. dxc5 Bxc3+ 11. bxc3 Qa5 12. Rc1 Qxc5 13. 0-0 Nc6 14. Qa4 Be6 15. Rfd1 Rfd8 16. Qh4 Qe7 17. Qh5 Qf6 18. h3 Rac8 19. Nd4 Ne5 20. Be2 Nc4 21. Qf3 Qxf3 22. Nxf3 b5 23. Rd4 Na3 24. Rcd1 Rxc3 25. e4 Rc5 26. Ne1 Re8 27. Nd3 Rc4 28. Nb4 Rxd4 29. Rxd4 dxe4 30. Rxe4 Rc8 31. Re5 a5 32. Nd5 Kf8 33. Nf4 Bc4 0-1